000 01200cam a2200325 4500
008 030506n2003 000 0 eng u
020 _a0566085291
035 _a(Sirsi) u122191
041 _aeng
050 _a658.404
_c18
050 _a658.723
_c21
245 _aContracting for project management
260 _aAldershot
_bGower
_c2003
300 _axviii, 143p.
_c24cm.
350 _a25
520 _aThis text provides an introduction to project contract management, with chapters on: roles and responsibilities in project contract management; contracts and payment structures; farsighted project contract management; standard forms of contract; contract law; partnering, benchmarking and incentive contracts; procurement; bidding; and managing variations, claims and disputes.
650 _aCONTRACTING
650 _aCONTRACT MANAGEMENT
650 _aCONTRACT LAW
650 _aCONSTRUCTION INDUSTRY
690 _aProject management
_96261
700 _aTurner, J. Rodney
_xEditor
700 _aBaily, Peter
700 _aBower, Denise
700 _aMarsh, Peter
700 _aSimister, Stephen
700 _aSkountzos, Fotis
700 _aSmith, Nigel
942 _n0
999 _c102788
_d102788